000 02075nam a2200277 4500
005 20160603095541.0
008 160603s1929 dk a||||r|||| 00| 0 esp d
040 _aCO-BoUCM
_bspa
_cSandra Yazo
_dSandra Yazo
041 1 _aspa
082 0 4 _220
_a948.9
092 _aE40N044
110 1 _aDinamarca
_bMinisterio de relaciones exteriores
_977546
245 1 0 _aDinamarca
_cpublicado por el Ministerio de Relaciones Exteriores y el Ministerio de Comercio de Dinamarca en colaboración con el Departamento Estadístico del estado ; Traducción al español por Carlos Bratli
260 _aCopehnague (Dimanarca)
_bImprenta de Bianco Luno
_c1906
300 _axxviii, 384 páginas
_c19 x 13 cm.
500 _aDetalles físicos: Encuadernación rígida en cartón forrado en cartón. Tapas y lomo con recuadro repujado y adornos en tinta blanca. Guardas. Hoja de cortesía. Anteportada. Portada impresa en una sola tinta. Notas al final del texto. Ilustraciones entre el texto, algunas a color. Texto impreso en una sola columna. Al final algunas hojas con bordes deterioradas
505 0 _aFamilia Real de Dinamarca ; Relaciones culturales entre Dinamarca y España ; Relaciones comerciales entre Dinamarca y España ; Dinamarca y América española ; El país y el pueblo ; Constitución ; Administración ; Enseñanza pública ; Hacienda pública ; Agricultura ; Pesca ; Pesca ; Oficios e industrias ; Comercio ; Establecimientos bancarios ; Navegación ; Comunicaciones ; Condiciones ; Condiciones sociales ; Museos e instituciones científicas ; Los puertos de provincia de Dinamarca ; Exportaciones ; Industria artística ; El bacalao de Feroé ; Groenlancia, colonia danesa.
506 _aConsulta en sala
651 4 _aDinamarca
_xGeografía
_977547
651 4 _aDinamarca
_xEstadísticas
_977548
690 _aGeografía de Europa
_926501
700 1 _aBratli, Carlos
_etraductor
_977549
710 1 _aDinamarca
_bMinisterio de comercio de Dinamarca
_977550
710 1 _aDinamarca
_bDepartamento estádistico
_977551
942 _2LOCAL
_cLIBRO
_e1
_hE40N044
999 _c303568
_d303568